Riešenie úloh lineárneho programovania v jazyku R - aplikácia v podniku BOMAX Slovakia s.r.o bakalárska práca

Guardado en:
Detalles Bibliográficos
Autor principal: Ďurčík, Michal
Autor Corporativo: Fakulta hospodárskej informatiky EU. Katedra operačného výskumu a ekonometrie
Otros Autores: Pčolár, Mário, 1995-
Formato: Libro
Lenguaje:eslovaco
Publicado: Bratislava 2021
Etiquetas: Agregar Etiqueta
Sin Etiquetas, Sea el primero en etiquetar este registro!

MARC

LEADER 00000nbm a2200000 4500
001 0278272
005 20220316085037.9
041 0 |a slo 
044 |a SK 
245 1 0 |a Riešenie úloh lineárneho programovania v jazyku R - aplikácia v podniku BOMAX Slovakia s.r.o  |b bakalárska práca  |c Michal Ďurčík ; školiteľ: Mário Pčolár 
264 1 |a Bratislava  |c 2021 
300 |a 52 s. 
100 1 |a Ďurčík, Michal 
700 1 |a Pčolár, Mário, 1995- 
710 2 |a Fakulta hospodárskej informatiky EU. Katedra operačného výskumu a ekonometrie